<?xml version="1.0" encoding="UTF-8"?>
<record
    xmlns:xsi="http://www.w3.org/2001/XMLSchema-instance"
    xsi:schemaLocation="http://www.loc.gov/MARC21/slim http://www.loc.gov/standards/marcxml/schema/MARC21slim.xsd"
    xmlns="http://www.loc.gov/MARC21/slim">

  <leader>01125nam a22002177a 4500</leader>
  <controlfield tag="003">NALT</controlfield>
  <controlfield tag="005">20250411140459.0</controlfield>
  <controlfield tag="008">      s2558    th                  tha d</controlfield>
  <datafield tag="040" ind1=" " ind2=" ">
    <subfield code="a">NALT</subfield>
  </datafield>
  <datafield tag="041" ind1=" " ind2=" ">
    <subfield code="a">tha</subfield>
  </datafield>
  <datafield tag="050" ind1=" " ind2=" ">
    <subfield code="a">HG 5750.55.A3 </subfield>
    <subfield code="b">&#xE15;199&#xE0A; 2558</subfield>
  </datafield>
  <datafield tag="110" ind1="2" ind2=" ">
    <subfield code="a">&#xE15;&#xE25;&#xE32;&#xE14;&#xE2B;&#xE25;&#xE31;&#xE01;&#xE17;&#xE23;&#xE31;&#xE1E;&#xE22;&#xE4C;&#xE41;&#xE2B;&#xE48;&#xE07;&#xE1B;&#xE23;&#xE30;&#xE40;&#xE17;&#xE28;&#xE44;&#xE17;&#xE22;</subfield>
    <subfield code="9">6985</subfield>
  </datafield>
  <datafield tag="245" ind1="1" ind2="0">
    <subfield code="a">Share for all : </subfield>
    <subfield code="b">40 &#xE1B;&#xE35; &#xE15;&#xE25;&#xE32;&#xE14;&#xE2B;&#xE25;&#xE31;&#xE01;&#xE17;&#xE23;&#xE31;&#xE1E;&#xE22;&#xE4C;&#xE41;&#xE2B;&#xE48;&#xE07;&#xE1B;&#xE23;&#xE30;&#xE40;&#xE17;&#xE28;&#xE44;&#xE17;&#xE22; /</subfield>
    <subfield code="c">&#xE15;&#xE25;&#xE32;&#xE14;&#xE2B;&#xE25;&#xE31;&#xE01;&#xE17;&#xE23;&#xE31;&#xE1E;&#xE22;&#xE4C;&#xE41;&#xE2B;&#xE48;&#xE07;&#xE1B;&#xE23;&#xE30;&#xE40;&#xE17;&#xE28;&#xE44;&#xE17;&#xE22;.</subfield>
  </datafield>
  <datafield tag="260" ind1=" " ind2=" ">
    <subfield code="a">&#xE01;&#xE23;&#xE38;&#xE07;&#xE40;&#xE17;&#xE1E;&#xE2F; : </subfield>
    <subfield code="b">&#xE15;&#xE25;&#xE32;&#xE14;&#xE2B;&#xE25;&#xE31;&#xE01;&#xE17;&#xE23;&#xE31;&#xE1E;&#xE22;&#xE4C;&#xE41;&#xE2B;&#xE48;&#xE07;&#xE1B;&#xE23;&#xE30;&#xE40;&#xE17;&#xE28;&#xE44;&#xE17;&#xE22;, </subfield>
    <subfield code="c">2558.</subfield>
  </datafield>
  <datafield tag="300" ind1=" " ind2=" ">
    <subfield code="a">305 &#xE2B;&#xE19;&#xE49;&#xE32; :</subfield>
    <subfield code="b">&#xE20;&#xE32;&#xE1E;&#xE1B;&#xE23;&#xE30;&#xE01;&#xE2D;&#xE1A; ;</subfield>
    <subfield code="c">23 &#xE0B;&#xE21;.</subfield>
  </datafield>
  <datafield tag="610" ind1="2" ind2="4">
    <subfield code="a">&#xE15;&#xE25;&#xE32;&#xE14;&#xE2B;&#xE25;&#xE31;&#xE01;&#xE17;&#xE23;&#xE31;&#xE1E;&#xE22;&#xE4C;&#xE41;&#xE2B;&#xE48;&#xE07;&#xE1B;&#xE23;&#xE30;&#xE40;&#xE17;&#xE28;&#xE44;&#xE17;&#xE22;</subfield>
    <subfield code="x">&#xE1B;&#xE23;&#xE30;&#xE27;&#xE31;&#xE15;&#xE34;</subfield>
    <subfield code="9">35170</subfield>
  </datafield>
  <datafield tag="610" ind1="2" ind2="4">
    <subfield code="a">&#xE15;&#xE25;&#xE32;&#xE14;&#xE2B;&#xE25;&#xE31;&#xE01;&#xE17;&#xE23;&#xE31;&#xE1E;&#xE22;&#xE4C;&#xE41;&#xE2B;&#xE48;&#xE07;&#xE1B;&#xE23;&#xE30;&#xE40;&#xE17;&#xE28;&#xE44;&#xE17;&#xE22;</subfield>
    <subfield code="9">35171</subfield>
    <subfield code="x">&#xE2A;&#xE16;&#xE34;&#xE15;&#xE34;</subfield>
    <subfield code="y">2518-2558</subfield>
  </datafield>
  <datafield tag="850" ind1=" " ind2=" ">
    <subfield code="a">NALT</subfield>
  </datafield>
  <datafield tag="942" ind1=" " ind2=" ">
    <subfield code="c">GB</subfield>
    <subfield code="2">lcc</subfield>
  </datafield>
  <datafield tag="996" ind1=" " ind2=" ">
    <subfield code="a">saiphon.d</subfield>
    <subfield code="b">CATSTF	</subfield>
    <subfield code="c">2025-04-11</subfield>
  </datafield>
  <datafield tag="999" ind1=" " ind2=" ">
    <subfield code="c">73948</subfield>
    <subfield code="d">73948</subfield>
  </datafield>
  <datafield tag="998" ind1=" " ind2=" ">
    <subfield code="j">104</subfield>
    <subfield code="k"> &#xE19;&#xE32;&#xE07;&#xE2A;&#xE32;&#xE27;&#xE2A;&#xE32;&#xE22;&#xE1D;&#xE19;  &#xE14;&#xE35;&#xE07;&#xE32;&#xE21;</subfield>
  </datafield>
  <datafield tag="952" ind1=" " ind2=" ">
    <subfield code="0">0</subfield>
    <subfield code="1">0</subfield>
    <subfield code="2">lcc</subfield>
    <subfield code="4">0</subfield>
    <subfield code="7">0</subfield>
    <subfield code="8">CGBL</subfield>
    <subfield code="a">NALT</subfield>
    <subfield code="b">NALT</subfield>
    <subfield code="c">GEN</subfield>
    <subfield code="e">&#xE1A;&#xE23;&#xE34;&#xE08;&#xE32;&#xE04;</subfield>
    <subfield code="l">0</subfield>
    <subfield code="o">HG 5750.55.A3 &#xE15;199&#xE0A; 2558</subfield>
    <subfield code="p">3961200503</subfield>
    <subfield code="r">2017-06-09 00:00:00</subfield>
    <subfield code="w">2017-06-09</subfield>
    <subfield code="y">GB</subfield>
  </datafield>
</record>
